000 00431nam a2200181Ia 4500
001 5123
005 20260306145845.0
008 260306t2009||||xx |||||||||||||| ||spa||
041 _aESP
082 _a333.715
_bL51
100 _aLescano Sandoval, Jorge
_eAUT
245 0 _aManual de desarrollo sostenible
260 _c2009
300 _a000 páginas :
_c00 cm.
650 _aGEN
654 _aCAN
942 _cLIB
_dJUS
_fJUS
_2ddc
_n
999 _c5123
_d5123